000 00434nam a22001697a 4500
003 OSt
005 20140310182248.0
008 130914t xxu||||| |||| 00| 0 eng d
020 _a9780439888110
050 _aPZ 7
_b.H13824 2006
082 _aFIC H13
_b 2005
245 _aPrincess academy /
_cShannon Hale.
260 _aNew York :
_bScholastic,
_cc2005.
300 _a314 p. ;
_bill. ;
942 _2lcc
_cBK-FIC
999 _c11291
_d11291